000 00959nmb a2200265uu 4500
001 13333
003 HDC
007 cr aa aaaau
008 210212p2008 my ||||| |||| 00| 0 eng d
022 _a1511-2780
040 _aHDC
100 _aShamala, Sundram
_eauthor
_914134
245 0 _aEfficacy of single and mixed treatments of Trichoderma harzianum as biocontrol agents of Ganoderma basal stem rot in oil palm / by
_cShamala Sundram
260 _aKuala Lumpur :
_bMalaysian Palm Oil Board,
_c2008
300 _a1 online resource (14 pages)
336 _atext
_2rdacontent
337 _acomputer
_2rdamedia
338 _aonline resource
_2rdacarrier
650 _abasal stem rot
_914135
650 _aoil palm
_9214
856 _zRequest full-text at [email protected]
942 _2lcc
942 _cAR
942 _kJART 003302
999 _c10649
_d10649